Wymień tabor Kolei Mazowieckich - Statystyki

Ogólne statystyki
  • Ten quiz został rozwiązany 35 razy
  • Średni wynik to 6 z 15
Statystyki odpowiedzi
Rok Produkcji Tabor % Poprawnych
1962–1994 EN57
100%
1983-1987 EN57AKM
73%
1985-1991 EN57AL
73%
2010-2012 EN76
62%
2019-2023 ER160
38%
2010-2011 EU47
38%
1990 EW60
38%
2015-2016 45WE
35%
2008-2009 ER75
35%
2015-2016 111ED
27%
1964-1984 EN57KM
27%
1974-1981 VT627
27%
1974 VT628
27%
1965-1975 EN71KM
23%
2013-2015 222M
19%
Nie znaleziono quizów pasujących do podanych kryteriów
Rozkład punktacji
Procent ludzi z każdym wynikiem
Percentyl według liczby udzielonych odpowiedzi
Twoja historia wyników
Nie rozwiązałeś tego quizu